000 00468nam a2200169 i 4500
001 72200
003 ES-MaACL
005 20230906171345.0
007 t|
008 040827s1944 gw ||||1| eng d
100 1 _aGill, Henry V.
_956944
245 1 0 _aFact and fiction in modern science /
_cBy Henry V. Gill.
250 _a4th imp.
260 _aDublin :
_bM. H. Gill and Son Ltd.,
_c1944.
300 _aVI, 196 p. ;
_c22 cm.
852 _aES-MaACL
_jC-4288
_bR.24055
999 _c72200
_d72200